Interpol stolen works of art : paintings, prints, drawings, icons, mosaics, enamels, carpets, tapestries 6/2006
| Corporate Author: | |
|---|---|
| Format: | Software eBook |
| Language: | English Spanish French |
| PhysicalDescription: | 1 elektronický optický disk (CD-ROM) 12 cm |
| Published: |
Lyon
Interpol
2006
|
| Subjects: |
MARC
| LEADER | 00000nam a2200000 a 4500 | ||
|---|---|---|---|
| 001 | vtls008944946 | ||
| 003 | SK-MaSNL | ||
| 005 | 20260302075627.0 | ||
| 007 | co cgu muuua | ||
| 008 | 070212s2006 fr gs 000 0 eng | ||
| 040 | |a SNK |b slo |c SNK |e AACR2 | ||
| 041 | 0 | |a eng |a spa |a fre | |
| 044 | |a fr |c FR | ||
| 072 | 7 | |a 7.01/.09 |x Umenie |2 konspekt | |
| 072 | 7 | |a 343 |x Trestné právo |2 konspekt | |
| 080 | |a 7.074/.075 |2 2001 | ||
| 080 | |a 343.711:738/749.05 |2 2001 | ||
| 080 | |a 72/76.05 |2 2001 | ||
| 080 | |a 738/749.05 |2 2001 | ||
| 080 | |a (083.8) |2 2001 | ||
| 080 | |a (0.034.44) |2 2001 | ||
| 110 | 2 | |a INTERPOL |4 aut |9 34120 | |
| 245 | 1 | 0 | |a Interpol |n 6/2006 |h elektronický zdroj |b stolen works of art : paintings, prints, drawings, icons, mosaics, enamels, carpets, tapestries |
| 246 | 3 | 0 | |a Stolen works of art |
| 260 | |a Lyon |b Interpol |c 2006 | ||
| 300 | |a 1 elektronický optický disk (CD-ROM) |c 12 cm | ||
| 546 | |a Súbežný text špan., fran. | ||
| 650 | 0 | 7 | |a umelecké predmety |2 SNKPH |9 2738 |
| 650 | 0 | 7 | |a krádeže umeleckých predmetov |2 SNKPH |9 2232 |
| 650 | 0 | 7 | |a umelecké diela |2 SNKPH |9 2976 |
| 650 | 0 | 7 | |a nezvestné umelecké diela |2 SNKPH |9 310824 |
| 650 | 0 | 7 | |a medzinárodná spolupráca |2 SNKPH |9 4911 |
| 655 | 7 | |a zoznamy |2 SNKPH |9 29645 | |
| 655 | 7 | |a CD-ROM |2 SNKPH |9 70236 | |
| 999 | |c 1169963 |d 1171893 | ||
| 952 | |a SNK |b SNK |y PREZ |7 0 |p 17A0539677 |o snkICDM 90/1/2006/6 |i snk2007/4185 |8 4 |g 51.65 |0 0 |1 0 |4 0 |d 2007-02-12 |l 0 |r 2026-02-24 21:00:55 |w 2026-02-24 | ||
| 952 | |a SNK |b SNK |y PREZ |7 0 |p 17A0539678 |o snkICDM 90/1/2006/6 D1 |i snk2007/4186 |8 4 |g 51.65 |0 0 |1 0 |4 0 |d 2007-02-12 |l 0 |r 2026-02-24 21:00:55 |w 2026-02-24 | ||


